| 000 | 01334nam a2200349 a 4500 | ||
|---|---|---|---|
| 001 | |||
| 003 | DO-SdBNP | ||
| 005 | 20240408123950.0 | ||
| 008 | 111213s2011 dr 001 0 spa d | ||
| 020 | _a9789945074352 (v.1) | ||
| 020 | _a9789945074413 (v.2) | ||
| 040 |
_aDO-SdBNP _bspa _cBPMSU |
||
| 082 | 4 |
_aRD868.3 _bL864m 2011 _222 |
|
| 100 | 1 |
_aLópez, José Ramón, _d1866-1922 |
|
| 245 | 1 | 0 |
_aMás escritos dispersos / _cJosé Ramón López ; editor Andrés Blanco Díaz. |
| 260 |
_aSanto Domingo : _bArchivo General de la Nación, _c2011. |
||
| 300 |
_a3 v. : ; _c24 cm. |
||
| 490 | 0 |
_aPublicaciones de Archivo General de la Nación, _v143-144 |
|
| 500 | _aIncluye datos biográficos del autor en las solapas. | ||
| 500 | _aIncluye índice. | ||
| 500 | _aIncluye notas al pie de las páginas. | ||
| 505 | _av. 2 : Ensayos y artículos | ||
| 590 | _aInventariado, 2021/VM | ||
| 600 | 1 | 4 |
_aLópez, José Ramón, _d1866-1922 _vColecciones de escritos |
| 650 | 4 | _aEnsayos dominicanos | |
| 651 | 4 |
_aRepública Dominicana _xHistoria _y1844 _vEnsayos, conferencias, etc. |
|
| 651 | 4 |
_aRepública Dominicana _xCondiciones sociales. _vEnsayos, conferencias, |
|
| 700 | 1 |
_aBlanco Díaz, Andrés _eed. |
|
| 710 | 2 | _aArchivo General de la Nación (República Dominicana) | |
| 910 | _aVMateo V. | ||
| 942 |
_2ddc _cBK |
||
| 999 |
_c13829 _d13829 |
||